[Event "Hastings 9091"]
[Site "Hastings"]
[Date "1990.12.??"]
[Round "13"]
[White "Kosten, Anthony C"]
[Black "Chandler, Murray G"]
[Result "0-1"]
[WhiteElo "2510"]
[BlackElo "2560"]
[PlyCount "73"]
[EventDate "1990.12.??"]
[SourceDate "2004.06.08"]

1. e4 c5 2. Nf3 e6 3. d4 cxd4 4. Nxd4 Nf6 5. Nc3 Nc6 6. Ndb5 d6 7. Bf4 e5 8.
Bg5 a6 9. Na3 b5 10. Bxf6 gxf6 11. Nd5 Bg7 12. Bd3 Ne7 13. Nxe7 Qxe7 14. O-O
O-O 15. c4 f5 16. Re1 fxe4 17. Bxe4 Rb8 18. cxb5 axb5 19. Qd3 f5 20. Bd5+ Kh8
21. Nxb5 e4 22. Qb3 Be5 23. a4 Bd7 24. Rac1 Qe8 25. Bc4 Qh5 26. h3 Qg6 27. Bd5
Rg8 28. g3 Rg7 29. Rc7 Qh5 30. Rec1 Qxh3 31. R1c3 f4 32. Rxd7 fxg3 33. Rf7 Qh1+
34. Kxh1 g2+ 35. Kg1 Bh2+ 36. Kxh2 g1=Q+ 37. Kh3 0-1

[Event "Hastings 9091"]
[Site "Hastings"]
[Date "1990.12.??"]
[Round "8"]
[White "Chandler, Murray G"]
[Black "Olafsson, Helgi"]
[Result "1-0"]
[WhiteElo "2560"]
[BlackElo "2595"]
[PlyCount "69"]
[EventDate "1990.12.??"]
[SourceDate "2004.06.08"]

1. e4 e5 2. Nf3 Nc6 3. Bb5 a6 4. Ba4 Nf6 5. O-O Be7 6. Qe2 b5 7. Bb3 O-O 8. c3
d6 9. d4 Bg4 10. Rd1 Qc8 11. a4 b4 12. a5 bxc3 13. bxc3 Rb8 14. Bc4 exd4 15.
cxd4 Nxa5 16. Rxa5 Rxb1 17. e5 dxe5 18. dxe5 Ne8 19. Rxa6 Rb6 20. Ra4 c5 21. h3
Bh5 22. Ra7 Nc7 23. e6 Bf6 24. e7 Re8 25. Rd8 Rxd8 26. Rxc7 Qb8 27. exd8=Q+
Qxd8 28. Bf4 g5 29. Bg3 Rb2 30. Qd3 Qa8 31. Qd7 Qa1+ 32. Kh2 Rb1 33. Bxf7+ Kh8
34. Qe8+ Kg7 35. Bg6+ 1-0

[Event "Euwe mem"]
[Site "Amsterdam"]
[Date "1991.??.??"]
[Round "6"]
[White "Short, Nigel D"]
[Black "Ljubojevic, Ljubomir"]
[Result "1-0"]
[WhiteElo "2635"]
[BlackElo "2590"]
[PlyCount "85"]
[EventDate "1991.05.??"]
[SourceDate "2004.06.08"]

1. e4 c6 2. d4 d5 3. e5 Bf5 4. Nf3 e6 5. Be2 c5 6. O-O Ne7 7. c3 Nec6 8. Be3
Nd7 9. a3 c4 10. Nbd2 b5 11. Ne1 h5 12. g3 Bh3 13. Ng2 g6 14. Re1 Bxg2 15. Kxg2
Rb8 16. h3 a5 17. Nf3 Be7 18. Qd2 Nb6 19. Ng5 Kf8 20. g4 hxg4 21. hxg4 Kg7 22.
Rh1 Qd7 23. Bf4 Rbf8 24. Qe3 Qd8 25. Nh7 Rxh7 26. Rxh7+ Kxh7 27. Rh1+ Kg8 28.
Qh3 Bh4 29. Bh6 g5 30. f4 gxf4 31. Bd1 Nd7 32. Bc2 Ndxe5 33. dxe5 Nxe5 34. Bxf8
f3+ 35. Kf1 Qg5 36. Qxh4 Qc1+ 37. Qe1 Qxe1+ 38. Kxe1 Kxf8 39. g5 Kg7 40. Kf2 f5
41. Re1 Nd3+ 42. Bxd3 cxd3 43. Kxf3 1-0